| 000 | 00763nam a2200205 a 4500 | ||
|---|---|---|---|
| 001 | 000019265 | ||
| 005 | 20260211085656.0 | ||
| 008 | 100531s1966 ve a 000 0 spa d | ||
| 040 |
_aDO-SdBNP _bspa _cBNPHU |
||
| 082 |
_a923.7983 _bP949a |
||
| 100 | 1 |
_aPrieto F., Luis B., _d1902-1993 _q(Luis Beltrán Prieto Figueroa), _983787 |
|
| 245 | 1 | 0 |
_aAndrés Bello : _beducador / _cLuis B. Prieto F. |
| 260 |
_aCacaracas : _bEdiciones de la Dirección de Imprenta y Públicaciones del Congreso Nacional. |
||
| 300 |
_a221 p. : _bil. ; _c19 cm. |
||
| 504 | _aIncluye referencias bibliográficas y notas al pie de las páginas. | ||
| 600 |
_aBELLO, ANDRÉS, _d1781-1865 _xBIOGRAFÍA _96767 |
||
| 650 | 0 |
_aPersonal docente _916852 |
|
| 651 | 4 |
_aChile _941446 |
|
| 049 | _aBNGR | ||
| 999 |
_c18783 _d18783 |
||